000 00627nam a2200181 a 4500
001 000026908
005 20200930030501.0
008 110328s1980 dr 000 0 spa d
040 _aDO-SdBNP
_bspa
_cBNPHU
082 _axxxx
_bR426p
110 1 _aRepública Dominicana.
_bInstituto de Capacitación Tributaria de la Secrearia de Estado de Finanzas
_954016
245 1 0 _aPolítica aduanera /
_cCarlos Anabalón Ramirez, Santiago Macario, Alberto Fuentes Mohr.
260 _aSanto Domingo :
_bEditora Cosmos,
_c1980.
300 _a141 p. ;
_c21 cm.
490 1 _aTemas
_vno. 10
830 0 _aTemas
_vno. 10
_99064
049 _aBNPD
999 _c26400
_d26400